Statistics for Cities in countries

Click here to take the quiz!

General Stats

  • This quiz has been taken 23 times
  • The average score is 8 of 13

Answer Stats

Hint Answer % Correct
AcapulcoMexico
100%
CannesFrance
96%
Hai PhongVietnam
96%
JaipurIndia
96%
BusanSouth Korea
83%
ShirazIran
78%
Novi SadSerbia
65%
GaboroneBotswana
61%
BulawayoZimbabwe
39%
SfaxTunisia
39%
ZadarCroatia
39%
PlevenBulgaria
30%
KumasiGhana
22%

Score Distribution

Percentile by Number Answered

Percent of People with Each Score

Your Score History

You have not taken this quiz